|
|
|
|
| LEADER |
00644nam a2200205Ia 4500 |
| 001 |
157851 |
| 008 |
170722s9999 xx 000 0 und d |
| 020 |
|
|
|a 8177588591
|
| 100 |
|
|
|a Leech, Geoffrey
|
| 245 |
|
|
|a Communicative grammar of English /
|
| 250 |
|
|
|a 3rd ed.
|
| 260 |
|
|
|a New Delhi :
|b Pearson Education Ltd ,
|c 2007.
|
| 300 |
|
|
|a xiv+440
|
| 653 |
|
|
|a Communicative Gammar
|
| 653 |
|
|
|a English
|
| 700 |
|
|
|a Svartvik , Jan
|
| 923 |
|
|
|d 20080829
|n MBC-1278/0
|
| 942 |
|
|
|c GEN
|
| 999 |
|
|
|c 137493
|d 137493
|
| 952 |
|
|
|0 0
|1 0
|4 0
|6 P_3_P22
|7 0
|9 194223
|a LIB
|b LIB
|d 2013-03-25
|e Modern Book Centre
|l 5
|o P-:3 P22
|p 268387
|r 2019-08-05
|s 2019-07-01
|w 2017-08-12
|y GEN
|